Central Library OPAC University of Rajshahi

Studying the community : (Record no. 649)

MARC details
000 -LEADER
fixed length control field 00881cam a22002651 4500
001 - CONTROL NUMBER
control field 649
003 - CONTROL NUMBER IDENTIFIER
rucl marc code BD-RjUL
005 - DATE AND TIME OF LATEST TRANSACTION
control field 20211208233219.0
008 - FIXED-LENGTH DATA ELEMENTS--GENERAL INFORMATION
fixed length control field 730710s1960 ilua 000 0 eng
035 ## - SYSTEM CONTROL NUMBER
System control number (BD-RjUL)669
System control number (OCoLC)653672
040 ## - CATALOGING SOURCE
Original cataloging agency DLC
Transcribing agency ODaWU
Modifying agency OCoLC
-- DLC
-- BD-RjUL
Language of cataloging eng
041 ## - LANGUAGE CODE
Language code of text/sound track or separate title eng
082 ## - DEWEY DECIMAL CLASSIFICATION NUMBER
Classification number 025.54
Edition number 21
Author mark and year STU 1960
110 2# - MAIN ENTRY--CORPORATE NAME
Corporate name or jurisdiction name as entry element American Library Association.
9 (RLIN) 115986
245 00 - TITLE STATEMENT
Title Studying the community :
Remainder of title a basis for planning library adult education services /
Statement of responsibility, etc. American Library Association.
260 ## - PUBLICATION, DISTRIBUTION, ETC. (IMPRINT)
Place of publication, distribution, etc. Chicago :
Name of publisher, distributor, etc. American Library Association,
Date of publication, distribution, etc. c1960.
300 ## - PHYSICAL DESCRIPTION
Pagination 128 p. :
Illustrations illus. ;
Size 23 cm.
650 #0 - SUBJECT ADDED ENTRY--TOPICAL TERM
Topical term or geographic name as entry element Public services (Libraries)
Geographic subdivision United States.
9 (RLIN) 1966
Topical term or geographic name as entry element Adult education
Geographic subdivision United States.
9 (RLIN) 1967
942 ## - ADDED ENTRY ELEMENTS (KOHA)
Source of classification or shelving scheme Dewey Decimal Classification
Koha item type Books
Holdings
Lost status Source of classification or shelving scheme Damaged status Not for loan Collection code Permanent Location Current Location Shelving location Date acquired Source of acquisition Cost, normal purchase price Total Checkouts Full call number Date last seen Copy number Koha item type
  Dewey Decimal Classification   Not For Loan Non-fiction Central Library, University of Rajshahi Central Library, University of Rajshahi Reading Room   Not found 0.00   025.54 STU 1960 23/11/2013 C-1 Books